000 01261cam a22003497a 4500
003 CHAP
005 20250808102013.0
008 050119d2004 mx r 00110 spa d
010 _a89331
011 _a90303
035 _a100859
040 _cCHAP
090 _aTesis
100 1 0 _aBautista Reyes, Benjamín
_910951
245 1 0 _aAlmacenamiento refrigerado y uso de 1-metilciclopropeno en frutos de chicozapote (Manilkara sapota (L.) P. Royen)
_c/por Benjamín Bautista Reyes
260 _aMontecillo, Méx. :
_bEl autor,
_c2004.
300 _a63 h.
502 _aTesis (M. C.) - - C. P. Instituto de Recursos Genéticos y Productividad. Programa de Fisiología Vegetal
590 _aALEPH
_b10
_c20130110
_lUCH01
_h1503
590 _aBATCH-UPD
_b10
_c20130110
_lUCH01
_h0240
590 _aBATCH-UPD
_b10
_c20130409
_lUCH01
_h2307
590 _aBATCH-UPD
_b10
_c20130914
_lUCH01
_h0548
590 _aCONVERSION
_b10
_c20130109
_lUCH01
_h1349
650 1 4 _aChicozapote.
_922279
650 1 4 _aChicozapote
_xAlmacenamiento.
_922280
650 1 4 _aChicozapote
_xTecnología postcosecha.
_922283
650 1 4 _aFrío
_xEfecto en chicozapote.
_943528
901 _aBK
905 _aLilia
942 _cTESIS
949 _aTesis
_bBC
_cTES
_d100859
_eTS1
_h43228
_i100859
_sb
999 _c89331
_d89331